| 000 | 00625cab a22001935a 4500 | ||
|---|---|---|---|
| 001 | L146837 | ||
| 008 | 090304e20090227xxk f 000 0 eng d | ||
| 035 | _a(Sirsi) u146837 | ||
| 041 | 0 | _aeng | |
| 100 | 1 | _aLever, Jon | |
| 245 | 0 | 0 | _aAPC advice |
| 260 | _c2009 | ||
| 490 | 0 |
_aProperty Week _v75(9) 27 February 2009, 46(1) |
|
| 520 | _aDiscusses the critical analysis, clarifying its function and considering how to choose a suitable subject for this. | ||
| 590 | _aKA | ||
| 651 | 4 |
_aUnited Kingdom _y |
|
| 690 | _aCAREERS, EDUCATION AND TRAINING-QUALIFICATION ROUTES-ASSESSMENT OF PROFESSIONAL COMPETENCE | ||
| 942 | _n0 | ||
| 999 |
_c81302 _d81302 |
||